| 000 | 00417 a2200157 4500 | ||
|---|---|---|---|
| 001 | 85112 | ||
| 020 | _a9780071151559 | ||
| 082 | _a621.31042 CHA | ||
| 090 |
_c40099 _d40098 |
||
| 100 | _aStephen J Chapman | ||
| 245 |
_aElectric machinery fundamentals,5th Ed _cChapman Stephen J |
||
| 250 | _a4 | ||
| 260 |
_aBoston _bMcGraw-Hill Higher Education _c2005 |
||
| 300 | _a746p. | ||
| 500 | _aBE Textbook Avionics | ||
| 942 |
_aNUST-CAE _k621.31042 CHA |
||
| 999 |
_c320185 _d320185 |
||